[Event "Østlandsserien 2018/2019, 4. div. C"]
[Site "Fredrikstad, Østfold NOR"]
[Date "2019.02.10"]
[Round "4"]
[White "Moberg, Jan Rune"]
[Black "Thapar, Rajiv"]
[Result "1/2-1/2"]
[WhiteElo "1659"]
[BlackElo "1519"]
[Annotator "Lea,Per"]
[PlyCount "135"]
[EventDate "2018.11.04"]
[WhiteTeam "Follo 2"]
[BlackTeam "Fredriksstad 2"]

1. d4 Nf6 2. c4 e5 3. dxe5 Ng4 4. Nf3 Bc5 5. e3 Nc6 6. Be2 Ngxe5 7. Nd4 O-O 8.
O-O Re8 9. a3 a5 10. b3 Ne7 11. Nc3 N7g6 $2 12. Ne4 (12. f4 $1 Nc6 13. f5 Nge5
14. f6 g6 $18) 12... Bf8 13. Ng3 b6 14. f4 Nc6 15. Nxc6 {Mesteparten av
fordelen forsvinner...} ({Alternativer:} 15. Nb5) (15. Bd3) 15... dxc6 16. Bf3
Qf6 17. Qd4 Qxd4 18. exd4 Bb7 19. Nf5 {Hvis noen står best nå, er det svart} (
19. f5 Nh4 20. Be4 Rad8 21. Rf4 Be7 22. Bb2) 19... Rad8 20. Rd1 Ba8 {Ser
merkelig ut} 21. Kf2 Ne7 22. Ne3 g6 23. Bb2 Bg7 24. Ng4 Nf5 25. Ne5 c5 26. Bxa8
Rxa8 27. dxc5 bxc5 28. Rd7 {Sjablongmessig og temmelig ufarlig. Å slå på f7
med tårnet fungerer ikke:} (28. Rd7 Rab8 29. Rxf7 $4 Bxe5 $1) 28... Rab8 29.
Rad1 Rxb3 30. R1d2 Nd4 $2 {Kaster bort mesteparten av fordelen} (30... Nd6 31.
Rc2 (31. Rxc7 Ne4+)) 31. Bxd4 cxd4 32. R2xd4 Bxe5 33. fxe5 Rxe5 34. Rxc7 $2 (
34. Rf4 {med lik stilling}) 34... Rxa3 $2 (34... Rf5+ 35. Ke2 Rxa3 36. Rd2 Rc3)
35. Rd8+ ({Igjen utlikner} 35. Rf4) 35... Kg7 36. g4 $2 Re4 $1 37. Rdd7 Rf4+
38. Ke2 Rc3 (38... Rh3 {er enda bedre}) 39. c5 a4 40. Rd3 Rf2+ ({Svart kunne
vunnet en bonde etter} 40... Rc2+) 41. Ke3 Rf3+ $2 (41... Rxd3+ 42. Kxd3 Kf6 {
og svart bør kunne vinne} (42... Rxh2 {og hvits fribonde bør sikre remis}) 43.
Ra7 a3 44. c6 Ke6 45. h3 Kd6 46. Ke4 f5+ 47. Kd4 Rd2+ 48. Kc4 Rc2+ 49. Kd4 fxg4
50. hxg4 Kxc6 51. Rxa3 Rg2 52. Ra6+ Kb5 53. Ra7 Rxg4+ 54. Ke3 h5) 42. Kxf3
Rxd3+ 43. Ke4 Rc3 44. Ra7 $2 (44. Kd5 $1 $11) 44... Rc2 $2 (44... Rxc5 $1) 45.
Kd5 $144 $1 Rd2+ 46. Ke5 Re2+ 47. Kd6 Rd2+ 48. Kc7 Kf8 $2 {Nå er det plutselig
bare hvit som har en farlig fribonde!} 49. Rxa4 ({...men vinsttrekket er
trolig:} 49. c6 a3 (49... Rxh2 $4 50. Kb8 Rb2+ 51. Rb7 Rc2 (51... a3 52. c7 Rc2
) 52. c7 Kg7 53. c8=Q Rxc8+) 50. Rxa3 Rxh2 51. g5 Kg7 52. Rd3 h6 53. gxh6+ Rxh6
(53... Kxh6 54. Rd5 Rc2 55. Kd6 $1 (55. Kd7 $4 f5 56. c7 f4 {og de to svarte
fribøndene sikrer remis}) 55... f5 56. c7 Rxc7 {Hvit truet med å bytte tårn i
c-linja med lett vinst} 57. Kxc7 Kg5)) 49... Rc2 50. c6 Ke7 51. Re4+ Kf8 52. g5
Kg7 53. h4 h6 54. Rd4 f5 55. Rd7+ (55. Kd7 {er helt drepende, men også
teksttrekket vinner}) 55... Kg8 56. gxh6 f4 57. Rg7+ Kh8 58. Rxg6 $4 {Det er
f-bobonden som er svarts eneste sjanse til motspill} ({Riktig plan er derfor:} 
58. Rf7) 58... f3 59. Rf6 f2 60. Kd7 Rd2+ 61. Kc8 Rc2 62. c7 Rd2 63. Kb7 Rb2+
64. Kc6 Rc2+ 65. Kd7 Rd2+ 66. Ke6 Rc2 67. Rxf2 Rxc7 68. Kf6 1/2-1/2

[Event "Østlandsserien 2018/2019, 4. div. C"]
[Site "Fredrikstad, Østfold NOR"]
[Date "2019.02.10"]
[Round "4"]
[White "Johansen, Odd B."]
[Black "Bakken, Svein-Erik"]
[Result "1/2-1/2"]
[WhiteElo "1569"]
[BlackElo "1620"]
[PlyCount "66"]
[EventDate "2018.11.04"]
[WhiteTeam "Fredriksstad 2"]
[BlackTeam "Follo 2"]

1. e4 c5 2. Nf3 Nc6 3. c3 e6 4. d4 cxd4 5. cxd4 d5 6. e5 Nge7 7. Nc3 Bd7 8. a3
Rc8 9. Bb5 a6 10. Ba4 Ng6 11. O-O Be7 12. Be3 O-O 13. Rc1 Na5 14. Bxd7 Qxd7 15.
Rc2 Nc4 16. Bc1 b5 17. Nd2 Qa7 18. Ne2 Qb6 19. Nxc4 bxc4 20. Bd2 Rb8 21. Bc3
Qb3 22. Rc1 Qb6 23. f4 f5 24. g3 Qc6 25. Kg2 a5 26. Qd2 a4 27. Ng1 Kf7 28. Rc2
Rh8 29. Nf3 Rbg8 30. Rf2 Ke8 31. h4 h6 32. Kf1 Qb5 33. Qe2 Kd7 1/2-1/2

[Event "Østlandsserien 2018/2019, 4. div. D"]
[Site "Fredrikstad, Østfold NOR"]
[Date "2019.02.10"]
[Round "4"]
[White "Selboe, Øyvind W"]
[Black "Skaar, Ben Samuel Groth"]
[Result "1/2-1/2"]
[WhiteElo "1479"]
[BlackElo "1217"]
[PlyCount "83"]
[EventDate "2018.11.04"]
[WhiteTeam "Follo 3"]
[BlackTeam "Fredriksstad 4"]

1. e4 c5 2. Nf3 Nc6 3. d4 cxd4 4. Nxd4 Nf6 5. Nc3 e5 6. Nf5 d5 7. Nxd5 Bxf5 8.
Nxf6+ Qxf6 9. exf5 Qxf5 10. Bb5 Qe6 11. O-O Bc5 12. Re1 O-O 13. Bxc6 bxc6 14.
Qe2 f6 15. c4 Bb4 16. Rd1 Rad8 17. Be3 Qe7 18. a3 Bc5 19. Bxc5 Qxc5 20. b4 Qb6
21. c5 Qb7 22. Rd3 Rxd3 23. Qxd3 a6 24. Rd1 h6 25. Qc4+ Kh8 26. Rd6 Re8 27. Qe4
Rc8 28. Qd3 Re8 29. Rd7 Qc8 30. h3 Qa8 31. Qg6 Rg8 32. Qf7 a5 33. b5 cxb5 34.
Rb7 b4 35. axb4 axb4 36. Rxb4 Qa3 37. Qb7 Qc1+ 38. Kh2 Qxc5 39. Rg4 Qxf2 40.
Qf7 f5 41. Rg6 Qf4+ 42. g3 1/2-1/2

[Event "Østlandsserien 2018/2019, 4. div. D"]
[Site "Fredrikstad, Østfold NOR"]
[Date "2019.02.10"]
[Round "4"]
[White "Nizar, Siako"]
[Black "Thowsen, Alf Geir"]
[Result "1/2-1/2"]
[WhiteElo "1199"]
[BlackElo "1395"]
[PlyCount "109"]
[EventDate "2018.11.04"]
[WhiteTeam "Fredriksstad 4"]
[BlackTeam "Follo 3"]

1. e4 e6 2. d4 d5 3. Nd2 c5 4. c3 Nc6 5. Ngf3 Be7 6. exd5 exd5 7. Bb5 Bd7 8.
Qe2 cxd4 9. Bxc6 bxc6 10. Nxd4 Nf6 11. O-O O-O 12. N2b3 Re8 13. Qc2 Bd6 14. Bg5
Bxh2+ 15. Kxh2 Ng4+ 16. Kg1 Qxg5 17. Nf3 Qe7 18. Rae1 Qd6 19. Nbd4 g6 20. Ne2
Bf5 21. Qd2 Re7 22. Ng3 Bd7 23. Rxe7 Qxe7 24. Re1 Qd6 25. Ne4 Qc7 26. Nc5 Bf5
27. Qd4 Qd6 28. Ne4 Qd8 29. Ng3 Qf6 30. Nxf5 Qxf5 31. Nh4 Qg5 32. Nf3 Qf5 33.
Nh2 Nxh2 34. Kxh2 Qd7 35. Qe5 Rd8 36. Qe7 Qd6+ 37. Qxd6 Rxd6 38. Re8+ Kg7 39.
Ra8 a5 40. Rxa5 Re6 41. a4 Re2 42. Rc5 Rxb2 43. Rxc6 Ra2 44. Rd6 Rxa4 45. Rxd5
Rc4 46. Rd3 f5 47. Re3 Kf6 48. g3 Re4 49. Rd3 Rc4 50. Kg2 Rc6 51. f4 h6 52. Kf3
g5 53. fxg5+ hxg5 54. g4 fxg4+ 55. Kxg4 1/2-1/2

[Event "Østlandsserien 2018/2019, 4. div. D"]
[Site "Fredrikstad, Østfold NOR"]
[Date "2019.02.10"]
[Round "4"]
[White "Samset, Jon"]
[Black "Blauhut, Anna"]
[Result "1/2-1/2"]
[WhiteElo "1402"]
[BlackElo "1081"]
[Annotator "Lea,Per"]
[PlyCount "74"]
[EventDate "2018.11.04"]
[WhiteTeam "Follo 3"]
[BlackTeam "Fredriksstad 4"]

1. e4 e5 2. Nf3 Nc6 3. Bc4 Bc5 4. O-O Nf6 5. d3 Na5 $2 6. Nxe5 Nxc4 7. Nxc4 O-O
8. Bg5 c6 9. Nbd2 {Kaster bort litt av initiativet} ({Klar fordel gir} 9. e5 $1
h6 10. Bxf6 gxf6 11. Qg4+ Kh7 12. Qf5+ Kg8 ({Ikke} 12... Kg7 $4 13. exf6+ Qxf6
14. Qxc5)) 9... d6 ({Svart kan prøve å få litt motspill med} 9... d5 10. exd5
cxd5 11. Ne3 h6 {selv om hvit kan vinne enda en bonde med} 12. Bxf6 Qxf6 (12...
gxf6 13. Qh5 Kg7 14. Rae1 {er enda verre for svart})) 10. Nf3 Re8 11. h3 Be6
12. Re1 h6 (12... Bxc4 13. e5 (13. dxc4 Qb6 14. Be3 Bxe3 15. Rxe3 Rxe4 16. Rxe4
Nxe4 $11) 13... dxe5 14. dxc4 e4 $11) 13. Bh4 Qe7 14. b3 {Hvit har latt mange
sjanser til å spille aggressivt gå fra seg. Ingen grunn til å spille forsiktig
selv om det sitter ei knapt 10 år gammel jente på den andre siden av brettet!}
(14. d4 $1 Bb4 (14... Bxc4 15. dxc5 dxc5 16. e5 g5 17. exf6 Qxf6 18. Bg3 $18)
15. Ncd2 Qf8 {Bondeframstøtet til e5 var ubehagelig}) 14... Bxc4 (14... g5 {
blir kvitt den ubehagelige bindingen, selv om hvit fremdeles ville stått best})
15. bxc4 Bb4 16. Re3 Bc3 17. Rb1 Qe6 $2 18. Rxb7 Nd7 19. d4 Ba5 20. d5 cxd5 21.
exd5 Qf5 22. Rxe8+ Rxe8 23. Rxa7 Bb6 24. Ra6 Re4 25. Qd3 Bc5 26. Ra8+ Kh7 27.
Bg3 g6 28. Rd8 Ne5 29. Bxe5 dxe5 (29... Rxe5 $1 30. Qf1 ({Ikke} 30. Nxe5 $4
Qxf2+ 31. Kh2 Qg1+ 32. Kg3 Qe1+ 33. Kg4 (33. Kh2 Bg1+ 34. Kh1 Bf2+ 35. Kh2 Qg1#
) 33... h5+ 34. Kg5 Qxe5+ 35. Qf5 Qxf5+ 36. Kh4 Bf2+ 37. g3 Qf4#) 30... Re7)
30. d6 Bd4 31. d7 Kg7 32. Ra8 Re1+ 33. Nxe1 $4 Qxf2+ 34. Kh2 Qg1+ 35. Kg3 Qf2+
$4 (35... Qxe1+ 36. Kh2 Bg1+ 37. Kh1 Bf2+ 38. Kh2 Qg1#) 36. Kh2 Qg1+ 37. Kg3
Qf2+ {Siden begge har stått til vinst i løpet av partiet er det kanskje like
greit at ingen vant...?} 1/2-1/2

[Event "Østlandsserien 2018/2019, 4. div. E"]
[Site "Ås, Akershus NOR"]
[Date "2019.03.10"]
[Round "5"]
[White "Linna, Lars"]
[Black "Kielland-Lund, Jon"]
[Result "0-1"]
[WhiteElo "1587"]
[BlackElo "1653"]
[PlyCount "86"]
[EventDate "2018.11.04"]
[WhiteTeam "Kampen 2"]
[BlackTeam "Follo 1"]

1. e4 c6 2. d4 d5 3. exd5 cxd5 4. Nf3 Nc6 5. Bb5 Bg4 6. Bf4 Qa5+ 7. Nc3 Nf6 8.
O-O e6 9. a3 Ne4 10. Qd3 Nxc3 11. Bxc6+ bxc6 12. bxc3 Bxf3 13. Qxf3 Be7 14.
Rfb1 O-O 15. Qg3 Qa6 16. Rb3 Qe2 17. Qd3 Qg4 18. Bg3 c5 19. Rb7 c4 20. Qf1 Rfe8
21. f3 Qf5 22. Qe2 h5 23. h3 h4 24. Bh2 Bg5 25. Rab1 Bf4 26. Bxf4 Qxf4 27. a4
Rab8 28. Qe5 Rxb7 29. Qxf4 Rxb1+ 30. Kf2 Rb2 31. Qd2 Reb8 32. f4 g6 33. Kf3 Ra2
34. Kg4 Rbb2 35. Qf2 Rxc2 36. Qxh4 Rxg2+ 37. Kf3 Rg1 38. Qd8+ Kg7 39. Qd6 Re1
40. Qc7 Rxa4 41. Kg4 Ra3 42. h4 Rxc3 43. h5 Rg1+ 0-1

[Event "Østlandsserien 2018/2019, 4. div. E"]
[Site "Ås, Akershus NOR"]
[Date "2019.03.10"]
[Round "5"]
[White "Lund, Petter"]
[Black "Jørgensen, Asle"]
[Result "1-0"]
[WhiteElo "1616"]
[BlackElo "1643"]
[PlyCount "89"]
[EventDate "2018.11.04"]
[WhiteTeam "Follo 1"]
[BlackTeam "Kampen 2"]

1. e4 c5 2. Nf3 Nc6 3. d4 cxd4 4. Nxd4 a6 5. Nc3 d6 6. Be3 Nf6 7. Be2 e5 8. Nb3
Be6 9. Nd5 Nd7 10. O-O Rc8 11. Qd2 h6 12. f4 Nf6 13. Nxf6+ Qxf6 14. c4 exf4 15.
Bxf4 Ne5 16. Na5 Qd8 17. Bxe5 dxe5 18. Qxd8+ Rxd8 19. Rfd1 Bc5+ 20. Kf1 Bd4 21.
Rab1 Ke7 22. b4 Rd7 23. Nb3 Rhd8 24. a4 Rc7 25. Nxd4 exd4 26. c5 Kf6 27. Bd3
Bg4 28. Rd2 Ke5 29. Rf2 f6 30. Rc1 b6 31. Rfc2 b5 32. axb5 axb5 33. c6 Rb8 34.
Rc5+ Kf4 35. Kf2 Be6 36. h3 f5 37. exf5 Bc4 38. Bxc4 bxc4 39. R1xc4 Ke4 40. Ke2
Re8 41. g3 Re5 42. b5 Rxc5 43. Rxc5 d3+ 44. Kd2 Re7 45. c7 1-0

[Event "Østlandsserien 2018/2019, 4. div. E"]
[Site "Ås, Akershus NOR"]
[Date "2019.03.10"]
[Round "5"]
[White "Wågene, Rune Arild"]
[Black "Moberg, Jan Rune"]
[Result "0-1"]
[WhiteElo "1312"]
[BlackElo "1659"]
[PlyCount "78"]
[EventDate "2018.11.04"]
[WhiteTeam "Kampen 2"]
[BlackTeam "Follo 1"]

1. Nf3 d6 2. d4 Nf6 3. g3 Nbd7 4. Bg2 e5 5. c3 Be7 6. O-O c6 7. Be3 h6 8. Nbd2
e4 9. Nh4 d5 10. f3 O-O  11. f4  Ng4  12. Nf5  g6 13. Nxh6+ Nxh6 14. f5 Bg5 15. Bxg5 Qxg5 16.
fxg6 Qxg6 17. e3 Nf6 18. Rf4 Bg4 19. Qf1 Nh5 20. Rf2 Be6 21. Nb3 Ng4 22. Re2 b6
23. Bh3 f5 24. Qg2 Rf7 25. Rf1 Rg7 26. Nc1 Qh6 27. Bxg4 Rxg4 28. Ree1 Rf8 29.
Ne2 Qxe3+ 30. Kh1 Qg5 31. Rg1 Rf7 32. h4 Qe3 33. Ref1 Rfg7 34. Kh2 Bd7 35. b3
f4 36. Nxf4 Nxg3 37. Rf2 Rxh4+ 38. Nh3 Nf1+ 39. Qxf1 Rxh3+ 0-1

[Event "Østlandsserien 2018/2019, 4. div. C"]
[Site "Ås, Akershus NOR"]
[Date "2019.03.10"]
[Round "5"]
[White "Andersen, Gaute Kjølner"]
[Black "Furnes, Torstein"]
[Result "0-1"]
[WhiteElo "1471"]
[BlackElo "1763"]
[Annotator "Furnes, Torstein"]
[PlyCount "108"]
[EventDate "2019.??.??"]
[WhiteTeam "Stjernen 4"]
[BlackTeam "Follo 2"]

1. e4 c5 2. Nf3 Nc6 3. d4 cxd4 4. Nxd4 e5 5. Nf3 Nf6 6. Nc3 Bb4 7. Bd3 O-O (
7... d5 {ser sterkt ut.}) 8. O-O d6 ({Her var det nok bedre å spille} 8... Bxc3
9. bxc3 {for å ødelegge hvits bondestruktur på dronningfløyen.}) 9. Nd5 h6 10.
a3 Bc5 11. b4 Bb6 12. Nxb6 Qxb6 13. Be3 Qc7 14. h3 Be6 15. c4 Ne7 16. Rc1 Rac8
17. Qc2 Rfd8 18. Rfd1 b6 19. Nd2 Qd7 20. Bf1 Ng6 21. Nb3 Qb7 22. f3 Nh5 23. Kh2
Nhf4 24. a4 Qe7 25. Qf2 Rc7 26. a5 b5 27. Nd2 Rdc8 28. g3 Nh5 ({Her vil Fritz
spille} 28... bxc4 $1 29. gxf4 exf4 30. Bd4 c3 31. b5 (31. Nb1 c2) 31... cxd2
32. Rxc7 Qxc7) 29. c5 a6 30. Nb1 dxc5 31. Rxc5 Rxc5 32. Bxc5 Qb7 33. Rd6 Nf6
34. Bg2 Nd7 35. Be3 Rc4 36. Qd2 Qc8 37. Bc5 $1 Kh7 (37... Nxc5 $4 {går
selvsagt ikke pga} 38. Rd8+) 38. Rxd7 $2 ({Her kunne hvit vunnet kvalitet med} 
38. Na3) ({eller} 38. Bf1) 38... Qxd7 39. Qxd7 Bxd7 40. Nd2 Rc2 41. Nf1 h5 42.
Ne3 Rd2 43. Nd5 h4 44. Be3 Re2 45. Bg5 hxg3+ 46. Kxg3 f6 47. Be3 (47. Bxf6 {
med poenget gxf6? Sxf6+ Kg7 Sxd7 kan se sterkt ut, men svart spiller heller}
Nf4 $1 48. Bf1 (48. Bxe5 Nxd5 49. Bf1 Re1 50. Kf2 Rxf1+ 51. Kxf1 Bxh3+ 52. Ke2
Nxb4 $19) (48. Nxf4 $2 exf4+ 49. Kxf4 gxf6 $19) 48... Re1 49. Kf2 Rxf1+ 50.
Kxf1 Bxh3+ 51. Kf2 gxf6 52. Nxf6+ Kg6 53. Ne8 Nd3+ 54. Kg3 Bc8 $19) 47... Bc6
48. Bf1 Rb2 49. Bc5 Bxd5 50. exd5 Nf4 51. d6 g5 {På dette tidspunktet leder
laget vårt 2-1, så vi trenger kun remis i dette partiet for å vinne kampen og
rykke opp. Jeg foreslår derfor remis. Hvit avslår.} 52. Bd3+ {Det er en
interessant ide bak dette løperofferet, men det fungerer ikke pga svarts
mattrussel på g2.} Nxd3 53. d7 Nf4 54. Bf2 {Eneste trekk som hindrer
umiddelbar matt.} ({Hvit kan gå inn til ny dronning, men blir isåfall straks
matt med} 54. d8=Q Rg2#) (54. Kg4 Kg6 55. d8=Q Rg2#) 54... Rd2 0-1

[Event "Østlandsserien 2018/2019, 4. div. C"]
[Site "Ås, Akershus NOR"]
[Date "2019.03.10"]
[Round "5"]
[White "Lange, Holger"]
[Black "Slorafoss, Stig"]
[Result "0-1"]
[WhiteElo "1772"]
[BlackElo "1554"]
[PlyCount "92"]
[EventDate "2018.11.04"]
[WhiteTeam "Follo 2"]
[BlackTeam "Stjernen 4"]

1. e4 e6 2. d4 d5 3. exd5 exd5 4. Bd3 Nf6 5. Nf3 Bd6 6. O-O O-O 7. Bg5 Bg4 8.
Nbd2 Nbd7 9. c3 Re8 10. Qb3 Rb8 11. Rfe1 c6 12. c4 Qb6 13. Qc2 Qc7 14. c5 Bf4
15. Bf5 Bxf5 16. Qxf5 Bxg5 17. Nxg5 h6 18. Ngf3 Qa5 19. Qc2 Nf8 20. Ne5 Ne6 21.
Nb3 Qa4 22. Red1 Re7 23. Qd2 Rbe8 24. Nf3 Ne4 25. Qa5 Qxa5 26. Nxa5 f6 27. g3
N6g5 28. Nh4 Nf7 29. Nf5 Rd7 30. Re1 Red8 31. Rad1 g6 32. Nh4 Kg7 33. Ng2 Neg5
34. Re3 Ne4 35. h4 f5 36. Nf4 Re8 37. Rde1 g5 38. hxg5 hxg5 39. Nd3 Rh8 40. Kg2
g4 41. Nf4 Nfg5 42. R3e2 Nf3 43. Rh1 Rxh1 44. Kxh1 Kf6 45. Kg2 Rh7 46. Rc2 Ne1+
0-1

[Event "Østlandsserien 2018/2019, 4. div. C"]
[Site "Ås, Akershus NOR"]
[Date "2019.03.10"]
[Round "5"]
[White "Smedsrud, Morten S"]
[Black "Andersen, Odd"]
[Result "0-1"]
[WhiteElo "1384"]
[BlackElo "1724"]
[PlyCount "104"]
[EventDate "2018.11.04"]
[WhiteTeam "Stjernen 4"]
[BlackTeam "Follo 2"]

1. Nf3 Nf6 2. c4 c6 3. d4 d5 4. Bf4 a6 5. e3 e6 6. Nc3 Nbd7 7. Bd3 Bb4 8. Qc2
Qa5 9. Nd2 O-O 10. O-O Be7 11. a3 Re8 12. b4 Qd8 13. Rfb1 Nf8 14. h3 Bd6 15.
Bxd6 Qxd6 16. b5 axb5 17. cxb5 Rxa3 18. Nb3 Rxa1 19. Rxa1 N8d7 20. Ra7 c5 21.
Be2 c4 22. Nc1 Nb6 23. Na4 Nxa4 24. Qxa4 Nd7 25. Na2 Kf8 26. Nb4 Qb6 27. Bf3
Qd6 28. g3 Nb6 29. Qa5 g6 30. h4 h5 31. Kg2 Kg7 32. Kh1 e5 33. Nc2 e4 34. Bg2
Re7 35. Kh2 Bg4 36. Nb4 f6 37. Bh3 g5 38. Kg2 Bf3+ 39. Kg1 gxh4 40. gxh4 Kh6
41. Kf1 Qh2 42. Ke1 Qg1+ 43. Kd2 c3+ 44. Kxc3 Qe1+ 45. Kb3 Qb1+ 46. Kc3 Nc4 47.
Qa2 Qe1+ 48. Kb3 Qd1+ 49. Qc2 Qh1 50. Qc3 Qb1+ 51. Ka4 Bd1+ 52. Nc2 Bxc2+ 0-1

[Event "Østlandsserien 2018/2019, 4. div. D"]
[Site "Ås, Akershus NOR"]
[Date "2019.03.10"]
[Round "5"]
[White "Lindmo, Arne K"]
[Black "Lange, Magnus Øyvind"]
[Result "1-0"]
[WhiteElo "1807"]
[BlackElo "1402"]
[PlyCount "97"]
[EventDate "2018.11.04"]
[WhiteTeam "Groruddalen 3"]
[BlackTeam "Follo 3"]

1. e4 e5 2. Nf3 Nc6 3. Bb5 d6 4. O-O Nf6 5. Re1 Be7 6. d4 Bd7 7. d5 Nb4 8.
Bxd7+ Qxd7 9. a3 Na6 10. c4 c5 11. Nc3 O-O 12. Bg5 h6 13. Bh4 Nc7 14. b4 b6 15.
b5 a5 16. h3 Rfe8 17. Bg3 Rad8 18. Na4 Na8 19. Nh4 g6 20. Qd2 Kg7 21. Re2 Nh5
22. Rf1 Bg5 23. Qd1 Rf8 {Med remistilbud} 24. Nf3 Bf6 25. Ne1 Bg5 26. Nd3 Qe7
27. Bh2 f6 28. f4 exf4 29. Nxf4 Bxf4 30. Bxf4 Nxf4 31. Rxf4 Qe5 32. Qc1 Rde8
33. Kh1 f5 34. Qc3 fxe4 35. Qxe5+ Rxe5 36. Rfxe4 Rfe8 37. Rxe5 Rxe5 38. Rxe5
dxe5 39. g4 g5 40. Kg2 Kf6 41. Kf3 Ke7 42. Ke3 Kf7 43. Nb2 Kf6 44. Na4 Ke7 45.
Nc3 Nc7 46. Kd3 Kf7 47. Ke4 Kf6 48. d6 Na8 49. Kd5 1-0